| 000 | 00939nam a2200253 a 4500 | ||
|---|---|---|---|
| 999 |
_c11475 _d11475 |
||
| 001 | 11475 | ||
| 003 | BD-JhCC | ||
| 005 | 20210927134021.0 | ||
| 008 | 190625b 2012bg a|||| ||a| 001 0 ben d | ||
| 020 | _a9847009601774 | ||
| 035 | _a(BD-JhCC)11475 | ||
| 040 |
_aBD-JhCC _dBD-JhCC |
||
| 041 | _aben | ||
| 082 |
_bAHA 2012 _a520 |
||
| 100 | _aআহাদ, সৈয়দা লামমীম | ||
| 245 |
_aসবার জন্য জ্যোতির্বিদ্যা / _cসৈয়দা লামমীম আহাদ, ফারসীম মান্নান মোহাম্মদী । |
||
| 260 |
_aঢাকা: _bতাম্রলিপি; _c২০১২. |
||
| 300 |
_a২২৪ পৃ . : _bill; _c২২ সেমি. |
||
| 650 | _aAstronomy | ||
| 650 | _aCosmology | ||
| 700 | _aমোহাম্মদী , ফারসীম মান্নান | ||
| 942 |
_2ddc _cBK _01 |
||